| 000 | 00353nam a22001457a 4500 | ||
|---|---|---|---|
| 999 |
_c9267 _d9267 |
||
| 003 | OSt | ||
| 008 | 201120b ||||| |||| 00| 0 eng d | ||
| 020 | _a9789350004708 | ||
| 100 | _aPrasad, Jai Shankar | ||
| 245 | _aDhruvswamini | ||
| 260 |
_aNew Delhi _bKhatu Shyam Prakashan _c2010 |
||
| 300 | _a50 | ||
| 650 | _aB.A Hons. English | ||
| 942 |
_2ddc _cBK _020 |
||